The miners / by the editors of Time-Life Books ; ... Read More
Available copies
- 2 of 2 copies available at LARL/NWRL Consortium.
Current holds
0 current holds with 2 total copies.
Show Only Available Copies
| Location | Call Number / Copy Notes | Barcode | Shelving Location | Status | Due Date |
|---|---|---|---|---|---|
| Greenbush Public Library | 978 TIM (Text) | 35500003385679 | Main | Available | - |
| Warroad Public Library | 978 TIM (Text) | 35500003731583 | Main | Available | - |
Record details
- ISBN: 0809415399 :
- ISBN: 0809415380 (lib. bdg.)
- ISBN: 0809415372 (retail ed.)
- Physical Description: 240 p. : ill. (some col.) ; 28 cm.
- Edition: Rev. ed.
- Publisher: Alexandria, VA : Time-Life Books, 1982, c1976.
Content descriptions
| General Note: | Includes index. |
| Bibliography, etc. Note: | Bibliography : p. 236-237. |
Search for related items by subject
| Subject: | Gold mines and mining > History. Silver mines and mining > History. Miners > History. |
Search for related items by series
| LDR | 01377cam a2200361 4500 | ||
|---|---|---|---|
| 001 | 4019 | ||
| 003 | LARL_NWRL_CONSORTIUM | ||
| 005 | 19900723174750.0 | ||
| 008 | 830928c19821976vaua 001 0 eng d | ||
| 020 | . | ‡a0809415399 : ‡c#12.95 | |
| 020 | . | ‡a0809415380 (lib. bdg.) | |
| 020 | . | ‡a0809415372 (retail ed.) | |
| 035 | . | ‡a(OCoLC)9957555 | |
| 043 | . | ‡an-us-- | |
| 092 | . | ‡a978.03 ‡bW, 1982 | |
| 092 | . | ‡a978 ‡bW | |
| 100 | 1 | . | ‡aWallace, Robert, ‡d1919- ‡0(LARL_NWRL_CONSORTIUM)48405 |
| 245 | 1 | 4. | ‡aThe miners / ‡cby the editors of Time-Life Books ; with text by Robert Wallace. |
| 250 | . | ‡aRev. ed. | |
| 260 | . | ‡aAlexandria, VA : ‡bTime-Life Books, ‡c1982, c1976. | |
| 300 | . | ‡a240 p. : ‡bill. (some col.) ; ‡c28 cm. | |
| 490 | 0 | . | ‡aOld West |
| 500 | . | ‡aIncludes index. | |
| 504 | . | ‡aBibliography : p. 236-237. | |
| 650 | 0. | ‡aGold mines and mining ‡xHistory. ‡0(LARL_NWRL_CONSORTIUM)172327 | |
| 650 | 0. | ‡aSilver mines and mining ‡xHistory. | |
| 650 | 0. | ‡aMiners ‡xHistory. | |
| 901 | . | ‡a4019 ‡bOCLC ‡c4019 ‡tbiblio | |

Add to basket
Permalink
Enable Highlighting